000 00959nam a22002657a 4500
001 44231
003 BD-RjUL
005 20211209053823.0
008 160716s19761975ii ||||| |||| 00| 0 ben d
020 _c: TK 20.00
020 _c: TK 30.00
035 _a(BD-RjUL)44349
040 _aBD-RjUL
_bben
_cBD-RjUL
041 _aben
082 _223
_a891.4408
_bUPE 1976
245 0 0 _aউপেন্দ্রকিশোর সমগ্র রচনাবলী /
250 _a৪র্থ সং.
260 _aকলকাতা :
_bএশিয়া পাবলিশিং,
_c১৯৭৬
300 _a খণ্ড ;
_c২১ সেমি.
505 _aখণ্ড ১ -- খণ্ড ২--
650 _aবাংলা সাহিত্য
_xসংগ্রহ
_9122902
650 _aBengali Literature
_xCollection
_9122903
700 _aমজুমদার, লীলা, সম্পাদক
_9135813
942 _2ddc
_cBK
999 _c44231
_d44231